| 000 | 00542 a2200157 4500 | ||
|---|---|---|---|
| 020 | _a9780691125527 | ||
| 020 | _a9780691125527 | ||
| 082 | _a149.6 | ||
| 090 |
_c1531 _d1531 |
||
| 100 | 1 | _aDienstag, Joshua Foa. | |
| 245 | 1 | 0 |
_aPessimism : _bphilosophy, ethic, spirit / _cJoshua Foa Dienstag. |
| 260 |
_a[S.l.] : _bPrinceton University Press, _c2006. |
||
| 300 |
_a320 p. ; _c23 cm. |
||
| 942 |
_aSNS _cBK _k149.6 DIE |
||
| 999 |
_c30142 _d30142 |
||